000 00304 a2200145 4500
001 169501
020 _a
040 _cMagnum
100 _aCosta Val, Maria da Graca
240 1 0 _aRedacao e textualidade
_lpor
245 1 0 _aRedacao e textualidade
362 0 _a1899
697 _aGERAL
942 _cBK
999 _c169501
_d169501